000 00519nam a2200181Ia 4500
999 _c37105
_d37105
003 OSt
005 20210127100116.0
008 190216s9999||||xx |||||||||||||| ||und||
020 _a9789350132197
040 _coclc
082 _a658
_bKOL/U
100 _aKoli, L N
_98432
245 0 _aUGC - NET / JRF / SET Management (Paper III) /
_cL N Koli ; Prem Koli
260 _bUpkar Prakashan,
_c2012.
_aAgra:
300 _a648p
650 _aManagement
942 _cREF
_2ddc
_h658
_iKOL/U
_k658
_mKOL/U